| 000 | 00458cam a2200193ua 4500 | ||
|---|---|---|---|
| 001 | 9835 | ||
| 008 | 160909n ii |||gr||||Z||||||eng | ||
| 020 | _a9789327253931 | ||
| 040 | _cMAIN | ||
| 041 | _aeng | ||
| 082 | _a351 | ||
| 100 |
_aGhai, K.K., _eAuthor. |
||
| 245 |
_aPublic administration _cBy K.K. Ghai |
||
| 250 | _a5th re. & enl. ed. | ||
| 260 |
_aLudhiana: _bKalyani, _c2015. |
||
| 300 | _a464p. | ||
| 653 | _aPublic administration | ||
| 942 | _cBK | ||
| 999 |
_c8845 _d8845 |
||